Statystyki dla Państwa najbliższe Korei Północnej

Kliknij tutaj aby rozwiązać quiz!

Ogólne statystyki

  • Ten quiz został rozwiązany 11 645 razy
  • Średni wynik to 15 z 20

Statystyki odpowiedzi

kmPaństwo% Poprawnych
0Chiny
99%
0Korea Południowa
99%
0Rosja
98%
418Japonia
97%
768Mongolia
89%
2849Indie
88%
2440Wietnam
84%
1439Tajwan
79%
3014Tajlandia
78%
2766Laos
77%
1941Filipiny
74%
3203Kambodża
71%
2731Mjanma
70%
3135Stany Zjednoczone
70%
3092Kazachstan
69%
3492Malezja
67%
3357Bhutan
65%
3357Bangladesz
62%
3355Mikronezja
32%
3425Palau
26%

Rozkład punktacji

Percentyl według liczby udzielonych odpowiedzi

Procent ludzi z każdym wynikiem

Twoja historia wyników

Nie rozwiązałeś tego quizu